Online
Catalog

República Dominicana / (Record no. 19758)

MARC details
000 -CABECERA
campo de control de longitud fija 01270nam a2200217 u 4500
001 - NÚMERO DE CONTROL
campo de control 000020254
005 - FECHA Y HORA DE LA ÚLTIMA TRANSACCIÓN
campo de control 20210112000628.0
008 - DATOS DE LONGITUD FIJA--INFORMACIÓN GENERAL
campo de control de longitud fija 100802s193u dr ac r 000 0 spa d
040 ## - FUENTE DE LA CATALOGACIÓN
Centro catalogador/agencia de origen DO-SdBNP
Lengua de catalogación spa
Centro/agencia transcriptor BNPHU
082 ## - NÚMERO DE LA CLASIFICACIÓN DECIMAL DEWEY
Número de clasificación xxxxx
Número de documento/Ítem xxxx
245 00 - MENCIÓN DE TÍTULO
Título República Dominicana /
Mención de responsabilidad, etc. colaboradores Ramón Emilio Jiménez...[et al.] ; fotografías Quico Báez ; ilustraciones Marianela Jiménez de Ortega...[et al].
260 ## - PUBLICACIÓN, DISTRIBUCIÓN, ETC.
Lugar de publicación, distribución, etc. [Santo Domingo] :
Nombre del editor, distribuidor, etc. [s.d.],
Fecha de publicación, distribución, etc. [193-].
300 ## - DESCRIPCIÓN FÍSICA
Extensión v :
Otras características físicas il., retrs. ;
Dimensiones 33 cm.
490 0# - MENCIÓN DE SERIE
Mención de serie América
500 ## - NOTA GENERAL
Nota general La biblioteca solamente posee el tomo 11.
505 0# - NOTA DE CONTENIDO CON FORMATO
Nota de contenido con formato v. XI :
Título Historia --
-- El suelo --
-- El hombre
-- La República en cifras --
-- Sistema tributario --
-- Bancos --
-- Cámara de comercio --
-- Educación --
-- Ciudades y pueblos --
-- Bellas artes --
-- Arquitectura --
-- Obras públicas --
-- Fuerzas armadas --
-- Periodismo --
-- Defensa del hombre --
-- La mujer --
-- Deportes --
-- Música y folklore --
-- Radio y televisión --
-- Novelistas --
-- Partido dominicano --
-- La iglesia --
-- La frontera --
-- Industria y comercio --
-- Transportes --
-- Justicia --
-- Antología poética --
700 1# - PUNTO DE ACCESO ADICIONAL--NOMBRE DE PERSONA
Nombre de persona Jiménez, Ramón Emilio
9 (RLIN) 18265
700 1# - PUNTO DE ACCESO ADICIONAL--NOMBRE DE PERSONA
Nombre de persona Báez, Quito
Término indicativo de función/relación fot.
9 (RLIN) 42870
700 1# - PUNTO DE ACCESO ADICIONAL--NOMBRE DE PERSONA
Nombre de persona Jiménez de Ortega, Marianela
Término indicativo de función/relación il.
9 (RLIN) 42871
830 #0 - PUNTO DE ACCESO ADICIONAL DE SERIE-TÍTULO UNIFORME
Título uniforme América
9 (RLIN) 42872
Holdings
Estado de retiro Estado de pérdida Restricciones de uso No para préstamo Código de colección Localización permanente Ubicación/localización actual Ubicación en estantería Fecha de adquisición Número de inventario Total de préstamos Signatura topográfica completa Código de barras Fecha visto por última vez Precio válido a partir de Tipo de ítem Koha
        Patrimonio Dominicano Patrimonio Dominicano Patrimonio Dominicano Depósito 22.07.2015 LF1   xxxxx xxxx 20254-10 25.06.2020 25.06.2020 Libro y Folleto Colección Patrimonio Dominicano

Powered by Koha